[Event "CZE-ch U20 sf"]
[Site "Frydek Mistek"]
[Date "2014.11.22"]
[Round "9"]
[White "Chromik, Tomas"]
[Black "Horvath, Tomas"]
[Result "1-0"]
[WhiteElo "1978"]
[BlackElo "1701"]
[PlyCount "91"]
[EventDate "2014.11.16"]
[EventType "swiss"]
[EventRounds "9"]
[EventCountry "CZE"]
[SourceTitle "CBM 163 Extra"]
[Source "ChessBase"]
[SourceDate "2014.12.23"]
[SourceVersion "1"]
[SourceVersionDate "2014.12.23"]
[SourceQuality "1"]

1. d4 Nf6 2. c4 c5 3. d5 b5 4. cxb5 a6 5. bxa6 g6 6. Nc3 Bxa6 7. e4 Bxf1 8. Kxf1 d6 9. Nge2 Bg7 10. h4 Nbd7 11. Nf4 h5 12. Rh3 Ng4 13. f3 Nge5 14. Qc2 Qa5 15. Nfe2 Nb6 16. b3 c4 17. Rb1 Qc5 18. b4 Qc7 19. a4 Nd3 20. Be3 Kd7 21. a5 Nc8 22. Nb5 Qb7 23. Nbd4 Qa6 24. Qa4+ Kc7 25. Nc6 c3 26. b5 Nb2 27. b6+ Kb7 28. Nd8+ Kb8 29. Qc6 Nxb6 30. Bxb6 Qc8 31. Qxc8+ Kxc8 32. Nxf7 Rf8 33. Ng5 Be5 34. Ne6 Rg8 35. f4 Bf6 36. Nxc3 Nc4 37. Rb5 Kd7 38. Ne2 Nd2+ 39. Ke1 Nxe4 40. Re3 Nc5 41. Nxc5+ dxc5 42. Rxc5 Bxh4+ 43. Kd2 g5 44. Rc7+ Kd6 45. Rexe7 gxf4 46. Rcd7# 1-0

[Event "CZE-ch U20 sf"]
[Site "Frydek Mistek"]
[Date "2014.11.20"]
[Round "7"]
[White "Chromik, Tomas"]
[Black "Solc, Filip"]
[Result "1/2-1/2"]
[WhiteElo "1978"]
[BlackElo "1811"]
[PlyCount "41"]
[EventDate "2014.11.16"]
[EventType "swiss"]
[EventRounds "9"]
[EventCountry "CZE"]
[SourceTitle "CBM 163 Extra"]
[Source "ChessBase"]
[SourceDate "2014.12.23"]
[SourceVersion "1"]
[SourceVersionDate "2014.12.23"]
[SourceQuality "1"]

1. d4 Nf6 2. Nf3 g6 3. c4 Bg7 4. e3 d6 5. Bd3 Nbd7 6. 0-0 0-0 7. Nbd2 e5 8. Rb1 Ne8 9. d5 f5 10. e4 f4 11. b4 g5 12. h3 Rf7 13. Nh2 Ndf6 14. Be2 Bf8 15. Rb3 Bd7 16. Rc3 b6 17. Bf3 Rg7 18. Re1 Rg6 19. Nb3 Ng7 20. Ng4 Bxg4 21. hxg4 1/2-1/2

[Event "CZE-ch U20 sf"]
[Site "Frydek Mistek"]
[Date "2014.11.19"]
[Round "5"]
[White "Chromik, Tomas"]
[Black "Kuchar, Matej"]
[Result "0-1"]
[WhiteElo "1978"]
[BlackElo "1878"]
[PlyCount "62"]
[EventDate "2014.11.16"]
[EventType "swiss"]
[EventRounds "9"]
[EventCountry "CZE"]
[SourceTitle "CBM 163 Extra"]
[Source "ChessBase"]
[SourceDate "2014.12.23"]
[SourceVersion "1"]
[SourceVersionDate "2014.12.23"]
[SourceQuality "1"]

1. e4 c5 2. Nf3 g6 3. d4 cxd4 4. Nxd4 Nc6 5. Nc3 Bg7 6. Be3 Nf6 7. f3 0-0 8. Bc4 Qb6 9. 0-0 Qxb2 10. Ncb5 Qb4 11. Be2 Qa5 12. Nb3 Qd8 13. c4 d6 14. Rc1 b6 15. Qc2 Bd7 16. Rfd1 Qc8 17. h3 Qb7 18. a3 Rfc8 19. Qb1 Nd8 20. g4 h5 21. g5 Ne8 22. h4 Nc7 23. Nc3 f5 24. gxf6 Bxf6 25. Nc5 bxc5 26. Qd3 Be8 27. f4 Nde6 28. f5 Nd4 29. Kh2 Be5+ 30. Kh1 Nxe2 31. Nxe2 Bc6 0-1

[Event "CZE-ch U20 sf"]
[Site "Frydek Mistek"]
[Date "2014.11.18"]
[Round "3"]
[White "Chromik, Tomas"]
[Black "Kraus, Tomas"]
[Result "0-1"]
[WhiteElo "1978"]
[BlackElo "2394"]
[PlyCount "112"]
[EventDate "2014.11.16"]
[EventType "swiss"]
[EventRounds "9"]
[EventCountry "CZE"]
[SourceTitle "CBM 163 Extra"]
[Source "ChessBase"]
[SourceDate "2014.12.23"]
[SourceVersion "1"]
[SourceVersionDate "2014.12.23"]
[SourceQuality "1"]

1. d4 d5 2. Nf3 Nf6 3. e3 e6 4. Bd3 c5 5. b3 cxd4 6. exd4 Bb4+ 7. c3 Be7 8. 0-0 0-0 9. Bb2 b6 10. Qe2 Bb7 11. Ne5 Nbd7 12. f4 Ne4 13. Nd2 Ndf6 14. Ndf3 Rc8 15. Rac1 Bd6 16. Rc2 Qe7 17. a4 Rc7 18. a5 bxa5 19. Ra1 Rfc8 20. c4 Bb4 21. c5 Rb8 22. Bb5 Ba8 23. g4 g6 24. Ba4 h5 25. g5 Ne8 26. Qa6 Rbc8 27. Bd7 Bb7 28. Qb5 a6 29. Qa4 Rb8 30. Bc6 Qd8 31. Bxb7 Rbxb7 32. Nc6 Qc8 33. Nfe5 Bd2 34. Nxa5 Rb4 35. Qa3 Be3+ 36. Kg2 Rxd4 37. Bxd4 Bxd4 38. Rac1 Bxc5 39. Qa4 Be3 40. Rxc7 Nxc7 41. Nac6 Qf8 42. Rf1 Qc5 43. Qa2 d4 44. Qe2 Nd5 45. b4 Qb6 46. Qd3 Nd2 47. Rf2 Nxf4+ 48. Rxf4 Bxf4 49. Ne7+ Kg7 50. N5xg6 Bxg5 51. Ne5 Qb5 52. Qxd4 Qf1+ 53. Kg3 Qe1+ 54. Kg2 Qe2+ 55. Kg3 Nf1+ 56. Kh3 Qxh2# 0-1

[Event "CZE-ch U20 sf"]
[Site "Frydek Mistek"]
[Date "2014.11.18"]
[Round "4"]
[White "Kopriva, Martin"]
[Black "Chromik, Tomas"]
[Result "1-0"]
[WhiteElo "1889"]
[BlackElo "1978"]
[PlyCount "61"]
[EventDate "2014.11.16"]
[EventType "swiss"]
[EventRounds "9"]
[EventCountry "CZE"]
[SourceTitle "CBM 163 Extra"]
[Source "ChessBase"]
[SourceDate "2014.12.23"]
[SourceVersion "1"]
[SourceVersionDate "2014.12.23"]
[SourceQuality "1"]

1. e4 e5 2. Nf3 Nf6 3. Nc3 Bb4 4. Bc4 0-0 5. d3 d5 6. exd5 Nxd5 7. Bd2 Bxc3 8. Bxc3 Nxc3 9. bxc3 Qf6 10. 0-0 Bg4 11. Rb1 b6 12. Re1 Nd7 13. Re3 Rad8 14. Qe1 Rfe8 15. d4 Qf5 16. Bd3 Qe6 17. Nxe5 Nxe5 18. Rxe5 Qd7 19. Qe4 f5 20. Qf4 Rxe5 21. dxe5 h6 22. h3 Bh5 23. Bxf5 Qc6 24. Bd3 Bf7 25. c4 Qc5 26. Re1 Rd4 27. Qf5 Bxc4 28. Qc8+ Qf8 29. Bh7+ Kf7 30. e6+ Ke7 31. Qxc7+ 1-0

[Event "Stare Mesto op"]
[Site "Stare Mesto"]
[Date "2014.08.12"]
[Round "6"]
[White "Michalicka, Milan"]
[Black "Chromik, Tomas"]
[Result "1-0"]
[WhiteElo "2254"]
[BlackElo "1904"]
[PlyCount "97"]
[EventDate "2014.08.08"]
[EventType "swiss"]
[EventRounds "10"]
[EventCountry "CZE"]
[SourceTitle "CBM 162 Extra"]
[Source "ChessBase"]
[SourceDate "2014.10.17"]
[SourceVersion "1"]
[SourceVersionDate "2014.10.17"]
[SourceQuality "1"]

1. Nf3 d5 2. c4 c6 3. b3 Nf6 4. Bb2 Nbd7 5. g3 e6 6. Bg2 Be7 7. 0-0 0-0 8. d4 b6 9. Nc3 Ba6 10. Nd2 Rc8 11. e4 dxe4 12. Ndxe4 b5 13. c5 b4 14. Ne2 Nxc5 15. Nxc5 Bxc5 16. dxc5 Qxd1 17. Rfxd1 Bxe2 18. Rd2 Bb5 19. Bxf6 gxf6 20. Rad1 Rc7 21. Bf3 Re8 22. Rd6 Kf8 23. Kg2 Ke7 24. Kh3 f5 25. R1d2 Rg8 26. Kh4 a5 27. Kh5 Kf6 28. Kh6 Rcc8 29. Bh5 Bf1 30. Rd7 Rcf8 31. Rc7 Bh3 32. f3 Rg7 33. Rdd7 Bg2 34. Rxc6 f4 35. Rcc7 fxg3 36. hxg3 Rxg3 37. Rxf7+ Rxf7 38. Rxf7+ Ke5 39. c6 Rg8 40. c7 Rc8 41. Rd7 Bf1 42. Bg4 Kf6 43. f4 Bg2 44. Bh5 Kf5 45. Rf7+ Ke4 46. Bg4 Kd5 47. Re7 Kd6 48. Rxe6+ Kxc7 49. Re2 1-0

[Event "Ostrava Konik op"]
[Site "Ostrava"]
[Date "2014.04.28"]
[Round "3"]
[White "Chromik, Tomas"]
[Black "Demko, Robert"]
[Result "1-0"]
[WhiteElo "1939"]
[BlackElo "1562"]
[PlyCount "143"]
[EventDate "2014.04.26"]
[EventType "swiss"]
[EventRounds "9"]
[EventCountry "CZE"]
[SourceTitle "CBM 160 Extra"]
[Source "ChessBase"]
[SourceDate "2014.07.01"]
[SourceVersion "1"]
[SourceVersionDate "2014.07.01"]
[SourceQuality "1"]

1. d4 Nf6 2. c4 e6 3. Nc3 d5 4. Bg5 Be7 5. e3 0-0 6. Nf3 h6 7. Bh4 b6 8. Qc2 Bb7 9. cxd5 exd5 10. Bd3 Nbd7 11. 0-0 c5 12. dxc5 bxc5 13. Be2 Qb6 14. Rfd1 Rfd8 15. a4 a6 16. a5 Qc7 17. Qf5 Rac8 18. Ne1 Ne5 19. Bg3 Bd6 20. Na4 Ned7 21. Bxd6 Qxd6 22. Bf3 Qe6 23. Qc2 c4 24. Qd2 Nc5 25. Nxc5 Rxc5 26. Qb4 Rc7 27. Nc2 Ne4 28. Nd4 Qg6 29. Rac1 Qd6 30. Qxd6 Nxd6 31. Ne2 Ne8 32. Rd4 Nf6 33. b3 Rdc8 34. bxc4 dxc4 35. Bxb7 Rxb7 36. Rdxc4 Rxc4 37. Rxc4 Rb2 38. Kf1 Ra2 39. g3 Rxa5 40. Rc8+ Kh7 41. Rf8 Ra2 42. Rxf7 a5 43. Rb7 Ng4 44. h3 Nh2+ 45. Kg2 Rxe2 46. Rf7 a4 47. Kxh2 a3 48. Kg2 a2 49. Ra7 Kg6 50. Kf3 Rb2 51. g4 Kf6 52. Ra6+ Ke5 53. Ra5+ Kf6 54. h4 g6 55. Kg3 Re2 56. Kf3 Rb2 57. g5+ hxg5 58. hxg5+ Ke6 59. e4 Kd6 60. Ke3 Ke6 61. f4 Rc2 62. f5+ gxf5 63. exf5+ Kf7 64. Ra7+ Kf8 65. g6 Rg2 66. Kf3 Rg5 67. Kf4 Rg2 68. Ke5 Rb2 69. f6 Rb5+ 70. Kd4 Ke8 71. f7+ Kf8 72. Ra8+ 1-0

[Event "Pobeskydy op"]
[Site "Frydek Mistek"]
[Date "2013.03.30"]
[Round "5"]
[White "Ulrych, Wojciech"]
[Black "Chromik, Tomas"]
[Result "1/2-1/2"]
[WhiteElo "2004"]
[BlackElo "1885"]
[PlyCount "64"]
[EventDate "2013.03.28"]
[EventType "swiss"]
[EventRounds "9"]
[EventCountry "CZE"]
[SourceTitle "CBM 153 Extra"]
[Source "ChessBase"]
[SourceDate "2013.04.22"]
[SourceVersion "1"]
[SourceVersionDate "2013.04.22"]
[SourceQuality "1"]

1. c4 Nf6 2. Nc3 e6 3. g3 d5 4. cxd5 exd5 5. Bg2 c6 6. e3 Bf5 7. Nge2 Na6 8. a3 Nc5 9. 0-0 Nd3 10. Nf4 Nxf4 11. exf4 d4 12. Re1+ Be7 13. Ne4 Nxe4 14. Bxe4 Bxe4 15. Rxe4 0-0 16. d3 Re8 17. Bd2 Bc5 18. Rxe8+ Qxe8 19. Qh5 Bd6 20. Re1 Qd7 21. Re4 c5 22. f5 Re8 23. Rh4 h6 24. Rg4 f6 25. Qxh6 Bf8 26. Qxf6 Qd5 27. Qg5 Re5 28. Qf4 Rxf5 29. Qe4 Qxe4 30. Rxe4 Rf3 31. Kf1 Rxd3 32. Ke2 Rb3 1/2-1/2

[Event "CZE-ch U16"]
[Site "Kouty nad Desnou"]
[Date "2013.03.13"]
[Round "6"]
[White "Kubik, Michael"]
[Black "Chromik, Tomas"]
[Result "1-0"]
[WhiteElo "2152"]
[BlackElo "1885"]
[PlyCount "147"]
[EventDate "2013.03.09"]
[EventType "swiss"]
[EventRounds "9"]
[EventCountry "CZE"]
[SourceTitle "EXT 2015"]
[Source "ChessBase"]
[SourceDate "2014.11.20"]
[SourceVersion "1"]
[SourceVersionDate "2014.11.20"]
[SourceQuality "1"]

1. Nf3 d5 2. c4 d4 3. d3 c5 4. b4 Nc6 5. a3 Qc7 6. g3 e5 7. Bg2 cxb4 8. 0-0 Nf6 9. axb4 Nxb4 10. Ba3 Bd7 11. Qb3 a5 12. Nbd2 Be7 13. Rfb1 0-0 14. Qb2 Rfe8 15. Nb3 b6 16. Nc1 Rab8 17. Qd2 Bd6 18. Nb3 Bc6 19. Ne1 Bxg2 20. Kxg2 Nd7 21. Nc2 Nxc2 22. Qxc2 Rec8 23. Qa2 g6 24. Nd2 Bxa3 25. Qxa3 f5 26. Rb5 Nc5 27. Nb3 Nd7 28. Rb1 Kf7 29. Qa2 Kf6 30. Nd2 Nc5 31. Nb3 Nd7 32. Qb2 Re8 33. Nd2 Re6 34. h4 Nc5 35. Qa1 Qd6 36. Nb3 Nxb3 37. R1xb3 Ree8 38. Qb2 Re6 39. c5 Qc6+ 40. Kg1 a4 41. Ra3 Rc8 42. cxb6 Rb8 43. b7 g5 44. hxg5+ Kxg5 45. Rxa4 Rxb7 46. Rxb7 Qxa4 47. Qc1+ f4 48. gxf4+ exf4 49. Qc5+ Kf6 50. Qh5 Qe8 51. Qxh7 Qg6+ 52. Qxg6+ Kxg6 53. Rb2 Kf5 54. Kg2 Kg4 55. f3+ Kf5 56. Rb5+ Kf6 57. Kf2 Ra6 58. Rb8 Ra2 59. Re8 Kf5 60. Re4 Ra4 61. Kg2 Ra2 62. Kh3 Ra4 63. Re8 Ra7 64. Rf8+ Kg5 65. Rd8 Re7 66. Rxd4 Rxe2 67. Rd5+ Kf6 68. Kg4 Ke6 69. Rd4 Rh2 70. Kxf4 Rh4+ 71. Ke3 Rh3 72. Rg4 Ke5 73. Rg5+ Kf6 74. Ra5 1-0

[Event "CZE-ch U16"]
[Site "Kouty nad Desnou"]
[Date "2013.03.12"]
[Round "4"]
[White "Dvorak, Adam"]
[Black "Chromik, Tomas"]
[Result "1-0"]
[WhiteElo "2049"]
[BlackElo "1885"]
[PlyCount "75"]
[EventDate "2013.03.09"]
[EventType "swiss"]
[EventRounds "9"]
[EventCountry "CZE"]
[SourceTitle "EXT 2015"]
[Source "ChessBase"]
[SourceDate "2014.11.20"]
[SourceVersion "1"]
[SourceVersionDate "2014.11.20"]
[SourceQuality "1"]

1. d4 d5 2. c4 e6 3. Nc3 Nf6 4. Nf3 Be7 5. Bg5 0-0 6. e3 h6 7. Bxf6 Bxf6 8. Rc1 b6 9. cxd5 exd5 10. Bd3 Be6 11. 0-0 Nd7 12. Bb5 Nb8 13. Ne5 Bxe5 14. dxe5 c6 15. Bd3 Nd7 16. f4 Nc5 17. Bb1 a5 18. Qc2 f5 19. Ne2 Bc8 20. Nd4 Qe8 21. Kh1 Bd7 22. g4 g6 23. gxf5 Bxf5 24. Nxf5 gxf5 25. Rg1+ Kh7 26. Qg2 Ra7 27. Qh3 Ne4 28. Bxe4 dxe4 29. Rcd1 Rd7 30. Rxd7+ Qxd7 31. Qh5 Qe6 32. Rd1 Qe7 33. Rd6 Qg7 34. e6 Kg8 35. e7 Qxe7 36. Rg6+ Kf7 37. Rxh6+ Kg8 38. Rh8+ 1-0

[Event "Stare Mesto op"]
[Site "Stare Mesto"]
[Date "2011.08.17"]
[Round "7"]
[White "Drabek, Miloslav"]
[Black "Chromik, Tomas"]
[Result "1/2-1/2"]
[WhiteElo "2009"]
[BlackElo "1808"]
[PlyCount "53"]
[EventDate "2011.08.12"]
[EventType "swiss"]
[EventRounds "10"]
[EventCountry "CZE"]
[SourceTitle "CBM 143 Extra"]
[Source "ChessBase"]
[SourceDate "2011.08.29"]
[SourceVersion "1"]
[SourceVersionDate "2011.08.29"]
[SourceQuality "1"]

1. d4 d5 2. Nf3 Nf6 3. c4 c6 4. Nbd2 e6 5. g3 Nbd7 6. Bg2 Bd6 7. 0-0 0-0 8. Qc2 Re8 9. e4 dxe4 10. Nxe4 Nxe4 11. Qxe4 e5 12. dxe5 Nxe5 13. Bf4 Ng6 14. Qxe8+ Qxe8 15. Bxd6 Qe6 16. c5 Qf6 17. Rfe1 Be6 18. b3 Re8 19. Rad1 Bd7 20. Rxe8+ Bxe8 21. Re1 Bd7 22. h4 Be6 23. Ng5 h6 24. Nxe6 fxe6 25. Bh3 Nf8 26. Re4 g5 27. hxg5 1/2-1/2

[Event "Stare Mesto op"]
[Site "Stare Mesto"]
[Date "2011.08.15"]
[Round "5"]
[White "Sieber, Martin"]
[Black "Chromik, Tomas"]
[Result "1/2-1/2"]
[WhiteElo "2029"]
[BlackElo "1808"]
[PlyCount "48"]
[EventDate "2011.08.12"]
[EventType "swiss"]
[EventRounds "10"]
[EventCountry "CZE"]
[SourceTitle "CBM 143 Extra"]
[Source "ChessBase"]
[SourceDate "2011.08.29"]
[SourceVersion "1"]
[SourceVersionDate "2011.08.29"]
[SourceQuality "1"]

1. e4 e6 2. Nf3 d5 3. e5 c5 4. b4 cxb4 5. d4 b6 6. a3 Ba6 7. Bxa6 Nxa6 8. c3 Nc7 9. cxb4 Ne7 10. 0-0 Nf5 11. Bg5 Be7 12. Bxe7 Qxe7 13. Nc3 Qd7 14. a4 a6 15. b5 axb5 16. axb5 0-0 17. Qb3 f6 18. Rfb1 Rfb8 19. Na4 Qe8 20. Qd3 Ra5 21. Nc3 Rba8 22. Rxa5 Rxa5 23. exf6 gxf6 24. g4 Qg6 1/2-1/2

[Event "Karvina op"]
[Site "Karvina"]
[Date "2011.07.09"]
[Round "8"]
[White "Chromik, Tomas"]
[Black "Didi, Jan"]
[Result "0-1"]
[WhiteElo "1808"]
[BlackElo "2028"]
[PlyCount "104"]
[EventDate "2011.07.02"]
[EventType "swiss"]
[EventRounds "9"]
[EventCountry "CZE"]
[SourceTitle "CBM 143 Extra"]
[Source "ChessBase"]
[SourceDate "2011.08.29"]
[SourceVersion "1"]
[SourceVersionDate "2011.08.29"]
[SourceQuality "1"]

1. e4 c5 2. Nf3 e6 3. d4 cxd4 4. Nxd4 a6 5. Nc3 Qc7 6. Bd3 Nf6 7. 0-0 b5 8. a3 Bb7 9. Kh1 Bc5 10. Nb3 Ba7 11. f4 d6 12. Bxb5+ axb5 13. Nxb5 Qc6 14. Nxd6+ Ke7 15. Nxb7 Qxb7 16. e5 Ne4 17. Qf3 Rd8 18. Be3 Na6 19. Rad1 Nec5 20. Qxb7+ Nxb7 21. Bxa7 Rxa7 22. Nd4 Nb8 23. Nb5 Ra4 24. Rxd8 Nxd8 25. b4 Ndc6 26. Rd1 f6 27. exf6+ gxf6 28. Kg1 Na7 29. Nxa7 Rxa7 30. Rd3 Rc7 31. c3 Nd7 32. a4 Nb6 33. a5 Nd5 34. a6 Nxf4 35. Rf3 Nd5 36. Rd3 Nb6 37. Kf2 Ra7 38. b5 Rc7 39. Ke2 Rc5 40. Rh3 h5 41. g4 hxg4 42. Rh7+ Kf8 43. Rh8+ Kf7 44. Rb8 Rxb5 45. Kd3 Rb2 46. Rb7+ Kg6 47. a7 Rxh2 48. Rxb6 Ra2 49. Rxe6 Rxa7 50. Re2 Rd7+ 51. Kc2 f5 52. c4 f4 0-1

[Event "Karvina op"]
[Site "Karvina"]
[Date "2011.07.06"]
[Round "5"]
[White "Chromik, Tomas"]
[Black "Mrazek, Lumir"]
[Result "0-1"]
[WhiteElo "1808"]
[BlackElo "2148"]
[PlyCount "140"]
[EventDate "2011.07.02"]
[EventType "swiss"]
[EventRounds "9"]
[EventCountry "CZE"]
[SourceTitle "CBM 143 Extra"]
[Source "ChessBase"]
[SourceDate "2011.08.29"]
[SourceVersion "1"]
[SourceVersionDate "2011.08.29"]
[SourceQuality "1"]

1. e4 c5 2. Nf3 Nc6 3. d4 cxd4 4. Nxd4 e5 5. Nb5 a6 6. Nd6+ Bxd6 7. Qxd6 Qf6 8. Qxf6 Nxf6 9. Nc3 b5 10. f3 Bb7 11. Bg5 Nd4 12. Bd3 Rc8 13. a3 d6 14. Rd1 Ne6 15. Bh4 Ke7 16. Nd5+ Bxd5 17. exd5 Nf4 18. Bxf6+ gxf6 19. Bf5 Rc5 20. g3 Nh5 21. c3 Ng7 22. Bc2 a5 23. Rd3 f5 24. Kd2 h5 25. b4 Rc7 26. Re3 h4 27. Ree1 Ra8 28. Bd3 axb4 29. axb4 Ra2+ 30. Bc2 Nh5 31. Rhg1 hxg3 32. hxg3 Nf6 33. Ra1 Rca7 34. Rxa2 Rxa2 35. Kd3 Ra3 36. Rb1 Nxd5 37. Rb3 Ra2 38. Rb1 Nb6 39. Bb3 Ra8 40. Rh1 Rg8 41. Rh5 Kf6 42. Rh7 d5 43. Rh6+ Rg6 44. Rh3 Nc4 45. Ke2 Ke6 46. Kf2 Rg8 47. Rh6+ f6 48. Bxc4 bxc4 49. Rh1 Ra8 50. Rc1 Ra2+ 51. Ke3 Ra3 52. Kd2 Ra2+ 53. Ke3 Rg2 54. Ra1 Rxg3 55. Ra6+ Kf7 56. Ra7+ Kg6 57. Kf2 Rh3 58. Kg2 Rh4 59. b5 Rh8 60. Rd7 d4 61. cxd4 Rb8 62. dxe5 Rxb5 63. e6 Rc5 64. Rd1 Kg7 65. Kf2 Kf8 66. Ke3 Ke7 67. Kd4 Rc8 68. Rc1 Kxe6 69. f4 Kf7 70. Kc3 Re8 0-1

[Event "Ostrava Konik op-B"]
[Site "Ostrava"]
[Date "2011.05.02"]
[Round "3"]
[White "Chromik, Tomas"]
[Black "Briza, Jiri"]
[Result "1/2-1/2"]
[WhiteElo "1777"]
[BlackElo "1953"]
[PlyCount "88"]
[EventDate "2011.04.30"]
[EventType "swiss"]
[EventRounds "9"]
[EventCountry "CZE"]
[SourceTitle "CBM 142 Extra"]
[Source "ChessBase"]
[SourceDate "2011.06.27"]
[SourceVersion "1"]
[SourceVersionDate "2011.06.27"]
[SourceQuality "1"]

1. e4 e5 2. Nf3 Nc6 3. Nc3 Bc5 4. Bc4 Nf6 5. d3 d6 6. Bg5 Be6 7. Bb3 a6 8. Qd2 Qd7 9. Bxf6 gxf6 10. Nd5 Bxd5 11. Bxd5 0-0-0 12. 0-0-0 h5 13. Nh4 Rdf8 14. Bxc6 Qxc6 15. Nf5 Kb8 16. f3 d5 17. Qc3 d4 18. Qa5 Rhg8 19. Rhg1 Ka7 20. h3 Rg6 21. Qe1 Rfg8 22. g4 Qa4 23. Kb1 Bb4 24. Qf2 b6 25. gxh5 Bc3 26. a3 Qb5 27. b3 Qa5 28. Ka2 Bb4 29. a4 b5 30. Nxd4 Kb7 31. Ne2 bxa4 32. Kb2 Bc5 33. d4 Rxg1 34. Rxg1 Rxg1 35. Qxg1 a3+ 36. Ka2 Qd2 37. dxc5 Qxc2+ 38. Kxa3 Qxe2 39. h6 Qd2 40. h7 Qa5+ 41. Kb2 Qd2+ 42. Kb1 Qd3+ 43. Ka2 Qd2+ 44. Kb1 Qd3+ 1/2-1/2

[Event "CZE-ch U14"]
[Site "Kouty nad Desnou"]
[Date "2011.03.17"]
[Round "7"]
[White "Kubik, Michael"]
[Black "Chromik, Tomas"]
[Result "1/2-1/2"]
[WhiteElo "1915"]
[BlackElo "1777"]
[PlyCount "74"]
[EventDate "2011.03.12"]
[EventType "swiss"]
[EventRounds "9"]
[EventCountry "CZE"]
[SourceTitle "EXT 2014"]
[Source "ChessBase"]
[SourceDate "2013.11.20"]
[SourceVersion "1"]
[SourceVersionDate "2013.11.20"]
[SourceQuality "1"]

1. e4 e6 2. d4 d5 3. Nc3 Nf6 4. e5 Nfd7 5. Nce2 c5 6. c3 Nc6 7. f4 b6 8. Nf3 Ba6 9. a3 Be7 10. Ng3 Bxf1 11. Rxf1 g6 12. Be3 cxd4 13. cxd4 Na5 14. Nd2 Rc8 15. Rc1 b5 16. b4 Nc4 17. Nxc4 Rxc4 18. Rxc4 bxc4 19. Ne2 Qb6 20. Qa4 a6 21. Nc3 Qb7 22. Kf2 0-0 23. Rb1 Ra8 24. Qc2 Qc7 25. a4 a5 26. bxa5 Qxa5 27. Rb5 Qc7 28. Qb2 Ra7 29. Bd2 Kf8 30. g4 f5 31. gxf5 gxf5 32. Qb1 Kf7 33. Qa2 Bd8 34. Rb1 Qc6 35. Nb5 Ra8 36. Nd6+ Kf8 37. a5 c3 1/2-1/2

[Event "CZE-ch U14"]
[Site "Kouty nad Desnou"]
[Date "2011.03.16"]
[Round "6"]
[White "Chromik, Tomas"]
[Black "Nytra, Petr"]
[Result "1-0"]
[WhiteElo "1777"]
[BlackElo "1804"]
[PlyCount "35"]
[EventDate "2011.03.12"]
[EventType "swiss"]
[EventRounds "9"]
[EventCountry "CZE"]
[SourceTitle "EXT 2014"]
[Source "ChessBase"]
[SourceDate "2013.11.20"]
[SourceVersion "1"]
[SourceVersionDate "2013.11.20"]
[SourceQuality "1"]

1. e4 c5 2. Nf3 Nc6 3. d4 cxd4 4. Nxd4 e5 5. Nb5 a6 6. Nd6+ Bxd6 7. Qxd6 Qf6 8. Qxf6 Nxf6 9. Nc3 0-0 10. Be3 b5 11. a3 Bb7 12. f3 b4 13. axb4 Nxb4 14. 0-0-0 Rfc8 15. Rd6 Rc6 16. Rxc6 Bxc6 17. Bc5 a5 18. Bd6 1-0

[Event "Karvina op"]
[Site "Karvina"]
[Date "2010.07.11"]
[Round "9"]
[White "Chromik, Tomas"]
[Black "Kotas, Jan"]
[Result "1-0"]
[WhiteElo "1775"]
[BlackElo "2000"]
[PlyCount "77"]
[EventDate "2010.07.03"]
[EventType "swiss"]
[EventRounds "9"]
[EventCountry "CZE"]
[SourceTitle "EXT 2011"]
[Source "ChessBase"]
[SourceDate "2010.11.26"]
[SourceVersion "1"]
[SourceVersionDate "2010.11.26"]
[SourceQuality "1"]

1. e4 e5 2. Nf3 Nf6 3. Nxe5 d6 4. Nf3 Nxe4 5. Nc3 d5 6. Qe2 Be6 7. Nxe4 dxe4 8. Qxe4 c6 9. Bc4 Qf6 10. Bxe6 fxe6 11. 0-0 Qf5 12. Re1 Qxe4 13. Rxe4 Kd7 14. Ne5+ Ke8 15. Nf3 Kd7 16. Nd4 Bd6 17. Nxe6 Re8 18. Ng5 Na6 19. a3 Nc5 20. Rxe8 Rxe8 21. Kf1 h6 22. Nf3 g5 23. d3 Ne6 24. Be3 a5 25. Nd4 Nxd4 26. Bxd4 c5 27. Bc3 a4 28. Re1 Rxe1+ 29. Kxe1 Ke6 30. g3 b5 31. Kd1 b4 32. axb4 cxb4 33. Bd4 Kf5 34. h3 h5 35. c4 a3 36. bxa3 bxa3 37. Kc2 h4 38. gxh4 gxh4 39. c5 1-0